000 00610cam a2200205 4500500
005 20260329003607.0
041 _afre
042 _adc
100 1 0 _ade Oliveira, Victorine
_eauthor
245 0 0 _aÀ l’ombre d’une aquarelle
260 _c2016.
500 _a61
690 _aAngelus Novus
690 _aGershom Scholem
690 _aHistoire
690 _aPaul Klee
690 _aWalter Benjamin
786 0 _nPhilosophie magazine | 97 | 3 | 2016-03-01 | p. 48-48 | 1951-1787
856 4 1 _uhttps://shs.cairn.info/magazine-philosophie-magazine-2016-3-page-48?lang=fr&redirect-ssocas=7080
999 _c1825877
_d1825877